<?xml version="1.0" encoding="UTF-8"?>
<marc:record xmlns:marc="http://www.loc.gov/MARC21/slim">
   <marc:leader>00000nam a2200000 a 4500</marc:leader>
   <marc:datafield ind1="1" ind2=" " tag="100">
      <marc:subfield code="a">Junge Denker und Dichter</marc:subfield>
      <marc:subfield code="4">mus</marc:subfield>
      <marc:subfield code="e">Interpret</marc:subfield>
   </marc:datafield>
   <marc:datafield ind1="0" ind2="0" tag="245">
      <marc:subfield code="a">Das Kleine 1x1. Das Große 1x1</marc:subfield>
   </marc:datafield>
   <marc:datafield ind1="0" ind2="0" tag="245">
      <marc:subfield code="b">Mitsingen und mit Spaß lernen!</marc:subfield>
   </marc:datafield>
   <marc:datafield ind1=" " ind2="1" tag="264">
      <marc:subfield code="a">Köln</marc:subfield>
      <marc:subfield code="b">Alive AG</marc:subfield>
      <marc:subfield code="c">2016</marc:subfield>
   </marc:datafield>
   <marc:datafield ind1="1" ind2=" " tag="520">
      <marc:subfield code="a">So wie Gedichte sich über Musik besser lernen lassen, sind auch beim Rechnen Melodie und Rhythmus das ideale Transportmittel in das Gedächtnis. Das gesungene Einmaleins mit vielen Passagen zum Mitmachen ist eine spielerische und tiefgreifende Lernhilfe für Kinder. &#xD;
Verschiedene Musikrichtungen wie Rock, Pop, Reggae oder Country stehen für die einzelnen Zahlen und machen diese vielschichtig (be)greifbar. Die Kinder entwickeln auf unterhaltsame Art ein Gefühl für Zahlen, das sich dauerhaft einprägt. (Quelle: thalia.at)</marc:subfield>
   </marc:datafield>
   <marc:datafield ind1="3" ind2=" " tag="024">
      <marc:subfield code="a">4042564166682</marc:subfield>
   </marc:datafield>
   <marc:datafield ind1=" " ind2=" " tag="041">
      <marc:subfield code="a">ger</marc:subfield>
   </marc:datafield>
   <marc:datafield ind1=" " ind2=" " tag="338">
      <marc:subfield code="a">Audiodisk</marc:subfield>
   </marc:datafield>
   <marc:datafield ind1=" " ind2=" " tag="300">
      <marc:subfield code="a">2 CD</marc:subfield>
   </marc:datafield>
</marc:record>
